[Event "Chigorin Memorial 30th"]
[Site "St Petersburg"]
[Date "2023.10.26"]
[Round "6"]
[White "Semenenko, Sergey"]
[Black "Kunin, Pavel1"]
[Result "0-1"]
[WhiteElo "1916"]
[BlackElo "2094"]
[PlyCount "82"]
[EventDate "2023.10.21"]
[EventType "swiss"]
[EventRounds "9"]
[EventCountry "RUS"]
[SourceTitle "Mega2024 Update 01"]
[Source "Chessbase"]
[SourceDate "2023.11.12"]
[SourceVersion "1"]
[SourceVersionDate "2023.11.12"]
[SourceQuality "1"]

1. d4 f5 2. g3 Nf6 3. Bg2 g6 4. c3 Bg7 5. Qb3 c6 6. Nd2 d6 7. Ndf3 e6 8. h4 Qe7 9. Bf4 Nd5 10. h5 Nxf4 11. gxf4 gxh5 12. e3 Nd7 13. Ne2 Rg8 14. Ng3 Kd8 15. Nxf5 Qf8 16. Nxg7 Qxg7 17. Ng5 Nf8 18. Bh3 Qe7 19. 0-0-0 Kc7 20. Bf1 h6 21. Nf3 Qf7 22. Rh2 Nh7 23. Be2 Bd7 24. Rdh1 Nf6 25. Nd2 Rg7 26. Nf1 Rag8 27. Bxh5 Nxh5 28. Rxh5 Rg1 29. Rxh6 Qf5 30. Kd2 R8g2 31. Rxg1 Rxg1 32. Ng3 Qb1 33. Ke2 e5 34. f5 e4 35. Nxe4 Qxe4 36. Rf6 d5 37. Qa4 Qg4+ 38. Kd2 Qf3 39. Qa5+ Kb8 40. Qd8+ Bc8 41. Kc2 Qd1# 0-1

[Event "Chigorin Memorial 29th"]
[Site "St Petersburg"]
[Date "2022.10.29"]
[Round "8"]
[White "Semenenko, Sergey"]
[Black "Zadorozhy, Egor"]
[Result "1-0"]
[WhiteElo "2031"]
[BlackElo "1633"]
[PlyCount "119"]
[EventDate "2022.10.22"]
[EventType "swiss"]
[EventRounds "9"]
[EventCountry "RUS"]
[SourceTitle "EXT 2024"]
[Source "ChessBase"]
[SourceDate "2023.10.10"]
[SourceVersion "1"]
[SourceVersionDate "2023.10.10"]
[SourceQuality "1"]

1. d4 Nf6 2. c4 e6 3. Nc3 Bb4 4. e3 0-0 5. Nge2 d5 6. a3 Bd6 7. c5 Be7 8. b4 c6 9. Ng3 b6 10. Bb2 a5 11. Be2 Nbd7 12. 0-0 Ba6 13. f4 Bxe2 14. Qxe2 Qc7 15. Rfb1 Ra7 16. Ra2 Rb8 17. Bc1 Ne4 18. Ngxe4 dxe4 19. Rab2 axb4 20. axb4 bxc5 21. bxc5 Rxb2 22. Qxb2 f5 23. Bd2 g5 24. Qb3 Kf7 25. fxg5 Bxg5 26. Rf1 Ke7 27. g4 Rb7 28. Qa2 Nf6 29. gxf5 Nd5 30. Nxe4 Bh6 31. fxe6 Qb8 32. Rf7+ Kxe6 33. Rf6+ Ke7 34. Rxh6 Rb1+ 35. Kg2 Qg8+ 36. Kf2 Rf1+ 37. Kxf1 Nxe3+ 38. Bxe3 Qxa2 39. Rxh7+ Kd8 40. Rh4 Qf7+ 41. Kg2 Qg6+ 42. Kh1 Qg7 43. h3 Qf8 44. Kg2 Qg7+ 45. Rg4 Qf7 46. Bf2 Qd5 47. h4 Qe6 48. Kg3 Qb3+ 49. Kg2 Qe6 50. Rf4 Qg8+ 51. Ng3 Qd5+ 52. Re4 Qf7 53. h5 Qf6 54. Be3 Qf7 55. h6 Qa2+ 56. Bf2 Qf7 57. Rh4 Qh7 58. Be3 Kd7 59. Rg4 Ke6 60. Kh3 1-0

[Event "Chigorin Memorial 29th"]
[Site "St Petersburg"]
[Date "2022.10.28"]
[Round "7"]
[White "Bolotov, Vyacheslav"]
[Black "Semenenko, Sergey"]
[Result "1/2-1/2"]
[WhiteElo "1651"]
[BlackElo "2031"]
[PlyCount "165"]
[EventDate "2022.10.22"]
[EventType "swiss"]
[EventRounds "9"]
[EventCountry "RUS"]
[SourceTitle "EXT 2024"]
[Source "ChessBase"]
[SourceDate "2023.10.10"]
[SourceVersion "1"]
[SourceVersionDate "2023.10.10"]
[SourceQuality "1"]

1. d4 Nf6 2. c4 e6 3. g3 Bb4+ 4. Bd2 c5 5. Bg2 Nc6 6. d5 Ne5 7. Qc2 0-0 8. Nf3 Nxf3+ 9. Bxf3 e5 10. 0-0 d6 11. Bg5 a6 12. a3 Ba5 13. Nc3 h6 14. Bxf6 Qxf6 15. Rab1 Bxc3 16. Qxc3 b5 17. b4 cxb4 18. axb4 bxc4 19. b5 Rb8 20. bxa6 Rxb1 21. Rxb1 Bxa6 22. Rb6 Bc8 23. Qxc4 Bf5 24. Be4 Bg6 25. Qb4 Rd8 26. Bxg6 Qxg6 27. Rc6 Qf6 28. Rb6 Qe7 29. Rb7 Rd7 30. Rb6 e4 31. Qc4 Rd8 32. Qb4 Qe5 33. Qc4 e3 34. Qb3 exf2+ 35. Kxf2 Re8 36. Qd3 g6 37. Rb4 h5 38. Rf4 Qb2 39. Qf3 Re7 40. Re4 Rc7 41. Qf4 Qb6+ 42. Qe3 Qb5 43. Re8+ Kg7 44. Qd4+ f6 45. Rd8 Re7 46. e3 Qa6 47. Rb8 Re5 48. e4 f5 49. exf5 Kh6 50. Rh8+ Kg7 51. Rb8 gxf5 52. Rb6 Qa2+ 53. Rb2 Qxd5 54. Qxd5 Rxd5 55. Kf3 Rd4 56. Rb8 h4 57. gxh4 Rxh4 58. Rd8 Rd4 59. Ke3 Re4+ 60. Kf3 Rd4 61. Ke3 Rd5 62. Kf4 Kf6 63. Rf8+ Ke6 64. Re8+ Kd7 65. Rf8 Rd4+ 66. Kxf5 Rh4 67. Rg8 Rxh2 68. Ke4 Rh4+ 69. Kd5 Rh5+ 70. Kd4 Ra5 71. Rh8 Kc6 72. Rc8+ Kd7 73. Rh8 Re5 74. Rg8 Rh5 75. Ra8 Rb5 76. Rh8 Kc7 77. Rg8 Rb1 78. Rh8 Rd1+ 79. Kc4 d5+ 80. Kc5 d4 81. Rh7+ Kc8 82. Kc4 d3 83. Kc3 1/2-1/2

[Event "Chigorin Memorial 28th"]
[Site "St Petersburg"]
[Date "2021.10.31"]
[Round "9"]
[White "Khripachenko, Alexander"]
[Black "Semenenko, Sergey"]
[Result "1-0"]
[WhiteElo "2282"]
[BlackElo "2099"]
[PlyCount "75"]
[EventDate "2021.10.23"]
[EventType "swiss"]
[EventRounds "9"]
[EventCountry "RUS"]
[SourceTitle "EXT 2023"]
[Source "ChessBase"]
[SourceDate "2022.10.05"]
[SourceVersion "1"]
[SourceVersionDate "2022.10.05"]
[SourceQuality "1"]

1. e4 c5 2. Nf3 d6 3. d4 cxd4 4. Qxd4 Bd7 5. Be2 Nc6 6. Qe3 Nf6 7. 0-0 g6 8. h3 Bg7 9. c4 0-0 10. Nc3 Qa5 11. Rd1 Be6 12. Nd5 Rfc8 13. Bd2 Qd8 14. Bc3 Nd7 15. Bxg7 Kxg7 16. Rac1 f6 17. a3 Qf8 18. b4 Bg8 19. Nd2 Be6 20. Nb3 Qe8 21. f4 Kh8 22. Bf3 Kg7 23. Kh2 h6 24. g4 g5 25. h4 Bxd5 26. exd5 gxf4 27. Qxf4 Nce5 28. Be2 Qg6 29. Nd4 Rh8 30. c5 dxc5 31. bxc5 Kf7 32. Nf5 Rab8 33. Kh3 b6 34. c6 Nc5 35. d6 e6 36. Ne7 Qe4 37. Qxe4 Nxe4 38. c7 1-0

[Event "Chigorin Memorial 28th"]
[Site "St Petersburg"]
[Date "2021.10.26"]
[Round "4"]
[White "Semenenko, Sergey"]
[Black "Preobrazhenskaya, Diana"]
[Result "0-1"]
[WhiteElo "2099"]
[BlackElo "1764"]
[PlyCount "70"]
[EventDate "2021.10.23"]
[EventType "swiss"]
[EventRounds "9"]
[EventCountry "RUS"]
[SourceTitle "EXT 2023"]
[Source "ChessBase"]
[SourceDate "2022.10.05"]
[SourceVersion "1"]
[SourceVersionDate "2022.10.05"]
[SourceQuality "1"]

1. d4 Nf6 2. c4 e6 3. Nc3 Bb4 4. e3 d5 5. a3 Bxc3+ 6. bxc3 c6 7. Bd3 e5 8. c5 e4 9. Bc2 0-0 10. Ne2 b6 11. cxb6 axb6 12. 0-0 Nbd7 13. Ng3 b5 14. f3 Re8 15. Bd2 Nb6 16. Bb3 Be6 17. a4 bxa4 18. Bxa4 Nxa4 19. Rxa4 Rxa4 20. Qxa4 exf3 21. gxf3 Bh3 22. Rb1 Qc7 23. Qa6 h5 24. Qb7 Qd6 25. Qb4 Qe6 26. Kf2 h4 27. Ne2 Qf5 28. Nf4 g5 29. Rg1 Kh8 30. Nxh3 Ne4+ 31. Ke2 Qxh3 32. Be1 Qxh2+ 33. Kf1 Ng3+ 34. Bxg3 hxg3 35. Rg2 Qh1+ 0-1

[Event "Chigorin Memorial 28th"]
[Site "St Petersburg"]
[Date "2021.10.25"]
[Round "3"]
[White "Lekhtonen, Yaroslav"]
[Black "Semenenko, Sergey"]
[Result "1-0"]
[WhiteElo "1812"]
[BlackElo "2099"]
[PlyCount "69"]
[EventDate "2021.10.23"]
[EventType "swiss"]
[EventRounds "9"]
[EventCountry "RUS"]
[SourceTitle "EXT 2023"]
[Source "ChessBase"]
[SourceDate "2022.10.05"]
[SourceVersion "1"]
[SourceVersionDate "2022.10.05"]
[SourceQuality "1"]

1. e4 c5 2. Nf3 d6 3. d4 cxd4 4. Nxd4 Nf6 5. Nc3 a6 6. f3 e5 7. Nb3 Be6 8. Be3 Be7 9. Qd2 0-0 10. 0-0-0 b5 11. g4 b4 12. Nd5 Bxd5 13. exd5 a5 14. Kb1 Qc7 15. g5 Nfd7 16. h4 Nb6 17. h5 Nc4 18. Bxc4 Qxc4 19. f4 a4 20. Nc1 exf4 21. Bxf4 Nd7 22. Qd4 Rfc8 23. Rh2 f6 24. gxf6 Nxf6 25. h6 Qxd4 26. Rxd4 Ra5 27. Re2 Kf7 28. Rxb4 Nxd5 29. Rb7 Kf6 30. Bd2 Rac5 31. hxg7 Rg8 32. Be1 Bd8 33. Bh4+ Kf5 34. Bxd8 Rxd8 35. Rf7+ 1-0

[Event "Chigorin Memorial 27th"]
[Site "St Petersburg"]
[Date "2019.10.11"]
[Round "7"]
[White "Ovchinnikov, Vsevolod"]
[Black "Semenenko, Sergey"]
[Result "1-0"]
[WhiteElo "2345"]
[BlackElo "2107"]
[PlyCount "68"]
[EventDate "2019.10.05"]
[EventType "swiss"]
[EventRounds "9"]
[EventCountry "RUS"]
[SourceTitle "EXT 2021"]
[Source "ChessBase"]
[SourceDate "2020.10.23"]
[SourceVersion "1"]
[SourceVersionDate "2020.10.23"]
[SourceQuality "1"]

1. d4 Nf6 2. c4 e6 3. g3 d5 4. Nf3 c6 5. Bg2 Be7 6. 0-0 0-0 7. Qc2 b6 8. Nbd2 Nbd7 9. e4 Bb7 10. e5 Ne8 11. cxd5 cxd5 12. Re1 Rc8 13. Qa4 a5 14. Bf1 Nc7 15. Bd3 Ba6 16. Bb1 Na8 17. Nf1 b5 18. Qd1 b4 19. h4 h6 20. Ne3 Re8 21. h5 Nab6 22. Ng4 Bf8 23. Nh4 Rc6 24. Qf3 a4 25. Bf4 a3 26. b3 Rc3 27. Qd1 Be7 28. Nxh6+ gxh6 29. Bxh6 Kh8 30. Qg4 Bf8 31. Bg5 Be7 32. Ng6+ fxg6 33. hxg6 Kg7 34. Qxe6 Rf8 1-0

[Event "Chigorin Memorial 26th"]
[Site "St Petersburg"]
[Date "2018.11.02"]
[Round "7"]
[White "Saveliev, Alexei"]
[Black "Semenenko, Sergey"]
[Result "1-0"]
[WhiteElo "2365"]
[BlackElo "2157"]
[PlyCount "75"]
[EventDate "2018.10.27"]
[EventType "swiss"]
[EventRounds "9"]
[EventCountry "RUS"]
[SourceTitle "CBM 187 Extra"]
[Source "ChessBase"]
[SourceDate "2018.11.04"]
[SourceVersion "1"]
[SourceVersionDate "2018.11.04"]
[SourceQuality "1"]

1. e4 c5 2. Nf3 d6 3. d4 cxd4 4. Nxd4 Nf6 5. Nc3 a6 6. Be2 e5 7. Nb3 Be7 8. Be3 0-0 9. g4 Be6 10. g5 Nfd7 11. h4 b5 12. Bg4 Bxg4 13. Qxg4 Nb6 14. Bxb6 Qxb6 15. Nd5 Qd8 16. 0-0-0 a5 17. Rh3 Nd7 18. Rc3 a4 19. Nd2 Nb6 20. Nf1 Nxd5 21. Rxd5 b4 22. Rc4 b3 23. a3 Rc8 24. Rxc8 Qxc8 25. Qxc8 Rxc8 26. Ne3 h6 27. gxh6 Bxh4 28. c3 Bg5 29. h7+ Kxh7 30. Kd2 Ra8 31. Rxd6 f6 32. Kd3 Bxe3 33. Kxe3 Kg6 34. Rd1 Ra7 35. c4 f5 36. c5 Kf6 37. Rd6+ Kg5 38. Re6 1-0

[Event "Chigorin Memorial 26th"]
[Site "St Petersburg"]
[Date "2018.10.28"]
[Round "2"]
[White "Semenenko, Sergey"]
[Black "Apryshko, Gleb"]
[Result "1-0"]
[WhiteElo "2157"]
[BlackElo "2399"]
[PlyCount "29"]
[EventDate "2018.10.27"]
[EventType "swiss"]
[EventRounds "9"]
[EventCountry "RUS"]
[SourceTitle "CBM 187 Extra"]
[Source "ChessBase"]
[SourceDate "2018.11.04"]
[SourceVersion "1"]
[SourceVersionDate "2018.11.04"]
[SourceQuality "1"]

1. d4 g6 2. c4 Bg7 3. Nc3 c5 4. d5 Bxc3+ 5. bxc3 f5 6. e4 fxe4 7. f3 e5 8. dxe6 Qf6 9. fxe4 Qh4+ 10. Kd2 Nf6 11. Nf3 Nxe4+ 12. Kc2 Qg4 13. Bd3 Nf2 14. exd7+ Kxd7 15. Bf5+ 1-0

[Event "Chigorin Memorial 25th"]
[Site "St Petersburg"]
[Date "2017.10.28"]
[Round "8"]
[White "Semenenko, Sergey"]
[Black "Ismagilov, Igor"]
[Result "1-0"]
[WhiteElo "2175"]
[BlackElo "1720"]
[PlyCount "77"]
[EventDate "2017.10.21"]
[EventType "swiss"]
[EventRounds "9"]
[EventCountry "RUS"]
[SourceTitle "CBM 181 Extra"]
[Source "ChessBase"]
[SourceDate "2017.12.12"]
[SourceVersion "1"]
[SourceVersionDate "2017.12.12"]
[SourceQuality "1"]

1. d4 c5 2. d5 g6 3. c4 Bg7 4. e4 d6 5. Be2 Nf6 6. Nc3 0-0 7. Bg5 Na6 8. Qd2 Nc7 9. Nf3 e6 10. h3 exd5 11. exd5 Re8 12. 0-0 Bf5 13. g4 Be4 14. Nh2 h6 15. Bxh6 Bxh6 16. Qxh6 b5 17. Qd2 bxc4 18. Bxc4 Re5 19. f4 Re7 20. Rae1 Qe8 21. Re2 Nd7 22. Rfe1 f5 23. Nf1 Nb6 24. b3 Qf7 25. Ng3 Rae8 26. Ngxe4 fxe4 27. Rxe4 Rxe4 28. Rxe4 Rxe4 29. Nxe4 Qe7 30. Qd3 a5 31. Kg2 a4 32. Nxc5 Qf6 33. Ne6 Nxe6 34. dxe6 Kf8 35. Qxd6+ Kg7 36. Qxb6 Qb2+ 37. Qf2 Qf6 38. Qa7+ Kh8 39. e7 1-0

[Event "Chigorin Memorial 25th"]
[Site "St Petersburg"]
[Date "2017.10.25"]
[Round "5"]
[White "Chen, Qi B"]
[Black "Semenenko, Sergey"]
[Result "1-0"]
[WhiteElo "2345"]
[BlackElo "2175"]
[PlyCount "55"]
[EventDate "2017.10.21"]
[EventType "swiss"]
[EventRounds "9"]
[EventCountry "RUS"]
[SourceTitle "CBM 181 Extra"]
[Source "ChessBase"]
[SourceDate "2017.12.12"]
[SourceVersion "1"]
[SourceVersionDate "2017.12.12"]
[SourceQuality "1"]

1. e4 c5 2. Nf3 d6 3. d4 cxd4 4. Nxd4 Nf6 5. Nc3 a6 6. h3 e6 7. g4 d5 8. Nde2 Bb4 9. a3 Bxc3+ 10. Nxc3 d4 11. Ne2 e5 12. Bg2 Nc6 13. 0-0 0-0 14. f4 Nd7 15. f5 f6 16. Ng3 a5 17. h4 b6 18. g5 Ne7 19. Qg4 Qe8 20. Nh5 Qf7 21. Rf3 Kh8 22. Rg3 g6 23. gxf6 Nxf6 24. Nxf6 Qxf6 25. Bh6 Rg8 26. Qg5 Qxg5 27. Bxg5 Re8 28. Bf6+ 1-0

[Event "Chigorin Memorial 25th"]
[Site "St Petersburg"]
[Date "2017.10.24"]
[Round "4"]
[White "Semenenko, Sergey"]
[Black "Nikitenko, Mihail"]
[Result "1/2-1/2"]
[WhiteElo "2175"]
[BlackElo "2376"]
[PlyCount "147"]
[EventDate "2017.10.21"]
[EventType "swiss"]
[EventRounds "9"]
[EventCountry "RUS"]
[SourceTitle "CBM 181 Extra"]
[Source "ChessBase"]
[SourceDate "2017.12.12"]
[SourceVersion "1"]
[SourceVersionDate "2017.12.12"]
[SourceQuality "1"]

1. d4 d5 2. c4 c6 3. Nc3 Nf6 4. e3 e6 5. Nf3 Nbd7 6. b3 Bd6 7. Be2 0-0 8. 0-0 Qe7 9. Bb2 b6 10. Qc2 Bb7 11. Rad1 Rad8 12. e4 dxe4 13. Nxe4 Nxe4 14. Qxe4 Nf6 15. Qe3 c5 16. h3 Ne4 17. Bd3 f5 18. Qe2 Rde8 19. Ne5 cxd4 20. Bxd4 Qc7 21. Bxe4 Bxe4 22. f4 Rd8 23. Qe3 h6 24. Ng6 Rfe8 25. h4 Bb4 26. Kh2 Qb7 27. Qg3 Rd7 28. Ne5 Rde7 29. Qg6 Rf8 30. Bb2 a5 31. Rf2 Qc8 32. Ng4 Qe8 33. Ne5 Ra7 34. Bd4 Rb7 35. Be3 Qe7 36. Qg3 Ra8 37. a3 Bc3 38. Bc1 Bxe5 39. fxe5 Kh7 40. h5 Qe8 41. Qg6+ Qxg6 42. hxg6+ Kxg6 43. Rd6 Kf7 44. a4 Rc8 45. Be3 Rc6 46. Rxc6 Bxc6 47. Rd2 Be4 48. Rd6 Bc2 49. Bxb6 Bxb3 50. c5 Bxa4 51. c6 Rxb6 52. c7 Rxd6 53. c8Q Rd5 54. Qc7+ Bd7 55. Kg3 a4 56. Kf3 Kg6 57. g4 fxg4+ 58. Kxg4 h5+ 59. Kf4 Kh7 60. Kg5 Be8 61. Qc2+ Kg8 62. Qc7 a3 63. Qb8 Kf7 64. Qa7+ Bd7 65. Kxh5 Rd3 66. Kg5 Ke7 67. Qc5+ Ke8 68. Qa7 Rb3 69. Kg6 Rg3+ 70. Kh7 Rc3 71. Kxg7 Rg3+ 72. Kf6 Rf3+ 73. Kg7 Rg3+ 74. Kf6 1/2-1/2

[Event "Chigorin Memorial 25th"]
[Site "St Petersburg"]
[Date "2017.10.22"]
[Round "2"]
[White "Semenenko, Sergey"]
[Black "Bryakin, Mikhail"]
[Result "0-1"]
[WhiteElo "2175"]
[BlackElo "2391"]
[PlyCount "104"]
[EventDate "2017.10.21"]
[EventType "swiss"]
[EventRounds "9"]
[EventCountry "RUS"]
[SourceTitle "CBM 181 Extra"]
[Source "ChessBase"]
[SourceDate "2017.12.12"]
[SourceVersion "1"]
[SourceVersionDate "2017.12.12"]
[SourceQuality "1"]

1. d4 d5 2. c4 c6 3. Nc3 dxc4 4. Nf3 b5 5. a4 b4 6. Ne4 Qd5 7. Ng3 Nf6 8. Qc2 b3 9. Qc3 a5 10. e3 Ba6 11. Bd2 Nbd7 12. Qxa5 e6 13. Be2 h5 14. h4 Bd6 15. Qxd5 cxd5 16. Ng5 Bb5 17. a5 Nb6 18. Bf3 Na4 19. Rb1 Bc7 20. Ne2 Bxa5 21. Bxa5 Rxa5 22. Kd2 0-0 23. Rhc1 Nb6 24. Nc3 Bc6 25. Ra1 Rfa8 26. Rxa5 Rxa5 27. Nh3 g6 28. Nf4 Kf8 29. Nfe2 Ke7 30. Nf4 Kd6 31. Nfe2 Nfd7 32. g3 e5 33. Bg2 exd4 34. exd4 Nf6 35. Bf3 Bd7 36. Nf4 Bf5 37. Re1 Nbd7 38. Rc1 Nb8 39. Nfe2 Nc6 40. Rg1 Nb4 41. Nf4 Nc2 42. Nfe2 Ra2 43. Rh1 Rxb2 44. Kc1 Ra2 45. Nxa2 bxa2 46. Kb2 a1Q+ 47. Rxa1 Nxa1 48. Kxa1 Be4 49. Bxe4 Nxe4 50. f3 Nd2 51. f4 Ke6 52. Kb2 Ne4 0-1

[Event "Chigorin Memorial 25th"]
[Site "St Petersburg"]
[Date "2017.10.21"]
[Round "1"]
[White "Mustafazade, Fikrat"]
[Black "Semenenko, Sergey"]
[Result "0-1"]
[WhiteElo "1466"]
[BlackElo "2175"]
[PlyCount "88"]
[EventDate "2017.10.21"]
[EventType "swiss"]
[EventRounds "9"]
[EventCountry "RUS"]
[SourceTitle "CBM 181 Extra"]
[Source "ChessBase"]
[SourceDate "2017.12.12"]
[SourceVersion "1"]
[SourceVersionDate "2017.12.12"]
[SourceQuality "1"]

1. d4 Nf6 2. c4 e6 3. a3 b6 4. Nc3 Bb7 5. f3 d5 6. cxd5 exd5 7. Bg5 Be7 8. e3 Nbd7 9. Bd3 0-0 10. Nh3 h6 11. Bf4 c5 12. 0-0 a6 13. a4 Re8 14. Re1 Bf8 15. Qd2 g6 16. dxc5 bxc5 17. e4 c4 18. Bc2 d4 19. Na2 d3 20. Bd1 g5 21. Bg3 Rc8 22. Nc3 Nc5 23. a5 Bg7 24. e5 Nh5 25. f4 Nxg3 26. hxg3 Qd4+ 27. Re3 Rcd8 28. Na4 Ne4 29. Qe1 d2 30. Qe2 Nxg3 31. Qf2 Ne4 32. Qe2 gxf4 33. Nxf4 Rxe5 34. Nd5 Rdxd5 35. Raa3 Ng5 36. Kh1 Rxe3 37. Qxe3 Qh4+ 38. Kg1 Bd4 39. Kf1 Bxe3 40. Rxe3 Qh1+ 41. Kf2 Qxd1 42. Nc3 Rf5+ 43. Kg3 Qe1+ 44. Rxe1 dxe1Q+ 0-1

[Event "Chigorin Memorial 24th"]
[Site "St Petersburg"]
[Date "2016.10.23"]
[Round "9"]
[White "Sergeeva, Natalia"]
[Black "Semenenko, Sergey"]
[Result "1/2-1/2"]
[WhiteElo "2013"]
[BlackElo "2184"]
[PlyCount "110"]
[EventDate "2016.10.15"]
[EventType "swiss"]
[EventRounds "9"]
[EventCountry "RUS"]
[SourceTitle "CBM 175 Extra"]
[Source "ChessBase"]
[SourceDate "2016.12.12"]
[SourceVersion "1"]
[SourceVersionDate "2016.12.12"]
[SourceQuality "1"]

1. e4 c5 2. Nf3 d6 3. d4 cxd4 4. Nxd4 Nf6 5. Nc3 a6 6. Bg5 e6 7. f4 Qb6 8. a3 Nc6 9. Nb3 Qe3+ 10. Qe2 Qxe2+ 11. Bxe2 Be7 12. 0-0-0 Bd7 13. Bf3 0-0-0 14. Rhe1 Kc7 15. Bh4 Bc8 16. Bf2 Nd7 17. Re3 b5 18. g4 g5 19. f5 Nb6 20. Be2 Bf6 21. Bxb5 Bxc3 22. Bxc6 Bxb2+ 23. Kxb2 Nc4+ 24. Kc3 Nxe3 25. Bxe3 Kxc6 26. Bxg5 Rde8 27. Na5+ Kc7 28. Nc4 exf5 29. Nxd6 Rd8 30. Bf4 Kc6 31. Rd4 Rhf8 32. Rc4+ Kd7 33. gxf5 f6 34. Rc5 Ke7 35. Nc4 Rg8 36. Nb6 Bd7 37. h4 Rg4 38. e5 Bxf5 39. exf6+ Kxf6 40. Bg5+ Rxg5 41. Rc6+ Ke5 42. hxg5 Kf4 43. Nc4 Rc8 44. Rxa6 Kxg5 45. Ra5 Kf4 46. Ra4 h5 47. Kd2 Rd8+ 48. Ke2 Bxc2 49. Rb4 Bd3+ 50. Kf2 Be4 51. Rb6 Rd4 52. Nd6 Rd2+ 53. Ke1 Rd4 54. Nxe4 Rxe4+ 55. Kf2 h4 1/2-1/2

[Event "Chigorin Memorial 24th"]
[Site "St Petersburg"]
[Date "2016.10.22"]
[Round "8"]
[White "Semenenko, Sergey"]
[Black "Tarnopolskiy, Lev"]
[Result "1-0"]
[WhiteElo "2184"]
[BlackElo "1913"]
[PlyCount "73"]
[EventDate "2016.10.15"]
[EventType "swiss"]
[EventRounds "9"]
[EventCountry "RUS"]
[SourceTitle "CBM 175 Extra"]
[Source "ChessBase"]
[SourceDate "2016.12.12"]
[SourceVersion "1"]
[SourceVersionDate "2016.12.12"]
[SourceQuality "1"]

1. d4 c5 2. d5 g6 3. c4 d6 4. Nc3 Bg7 5. Qc2 e5 6. e4 Ne7 7. Bd3 0-0 8. Nge2 f5 9. exf5 Nxf5 10. 0-0 Nd4 11. Nxd4 exd4 12. Ne4 Bf5 13. Ng5 Nd7 14. Bxf5 Rxf5 15. f4 Bh6 16. Ne6 Qe7 17. Bd2 Nf8 18. Rae1 Qd7 19. g4 Rf7 20. f5 Bxd2 21. Qxd2 gxf5 22. gxf5 Nxe6 23. dxe6 Rg7+ 24. Kf2 Qe7 25. Qf4 Qf6 26. Rg1 Rf8 27. Rxg7+ Kxg7 28. e7 Re8 29. Re6 Qf7 30. Qg5+ Kh8 31. f6 Qg8 32. Qxg8+ Kxg8 33. Rxd6 Kf7 34. Rd8 b6 35. Kf3 a6 36. Ke4 b5 37. Kf5 1-0

[Event "Chigorin Memorial 24th"]
[Site "St Petersburg"]
[Date "2016.10.17"]
[Round "3"]
[White "Korchmar, Vasiliy"]
[Black "Semenenko, Sergey"]
[Result "1/2-1/2"]
[WhiteElo "2412"]
[BlackElo "2184"]
[PlyCount "86"]
[EventDate "2016.10.15"]
[EventType "swiss"]
[EventRounds "9"]
[EventCountry "RUS"]
[SourceTitle "CBM 175 Extra"]
[Source "ChessBase"]
[SourceDate "2016.12.12"]
[SourceVersion "1"]
[SourceVersionDate "2016.12.12"]
[SourceQuality "1"]

1. c4 Nf6 2. g3 e6 3. Bg2 d5 4. Nf3 c6 5. d4 Be7 6. 0-0 0-0 7. Nc3 Nbd7 8. Bf4 Nh5 9. Bc1 Nhf6 10. Qd3 b6 11. e4 Ba6 12. b3 Rc8 13. Rd1 Ne8 14. Bf4 Nef6 15. Nd2 h6 16. Rac1 Nh5 17. Be3 Nhf6 18. h3 Nxe4 19. Ndxe4 dxe4 20. Qxe4 Nf6 21. Qb1 Qd7 22. Qb2 b5 23. Nb1 Rfd8 24. Nd2 bxc4 25. bxc4 Qc7 26. Nb3 Qb7 27. Qc2 Qb4 28. Kh2 Qa4 29. Bf1 Ba3 30. Rb1 Nd7 31. Qc3 Bb4 32. Qb2 Ba3 33. Qc3 Bb4 34. Qa1 Ba3 35. Qc3 Bb4 36. Qa1 Ba3 37. Nd2 c5 38. Ne4 cxd4 39. Bxd4 Bf8 40. Nc3 Qc6 41. Bg2 Qxc4 42. Bf1 Qc6 43. Bg2 Qc7 1/2-1/2

[Event "Chigorin Memorial 22nd"]
[Site "St Petersburg"]
[Date "2014.10.25"]
[Round "8"]
[White "Semenenko, Sergey"]
[Black "Isaev, Chyngyz"]
[Result "1-0"]
[WhiteElo "2130"]
[BlackElo "1957"]
[PlyCount "75"]
[EventDate "2014.10.18"]
[EventType "swiss"]
[EventRounds "9"]
[EventCountry "RUS"]
[SourceTitle "EXT 2015"]
[Source "ChessBase"]
[SourceDate "2014.11.20"]
[SourceVersion "1"]
[SourceVersionDate "2014.11.20"]
[SourceQuality "1"]

1. d4 Nf6 2. c4 c5 3. d5 b5 4. cxb5 a6 5. b6 d6 6. Nc3 g6 7. Nf3 Bg7 8. e4 0-0 9. Be2 Nbd7 10. 0-0 Nxb6 11. Qc2 Qc7 12. a4 Bb7 13. a5 Nbd7 14. Rd1 Rab8 15. Nd2 Ne8 16. Nc4 Qd8 17. Bg5 h6 18. Bh4 Bc8 19. f4 Bd4+ 20. Kh1 Ndf6 21. h3 Qc7 22. Bg3 e5 23. dxe6 Bxe6 24. Nb6 Ng7 25. Bxa6 Nfh5 26. Bh2 f5 27. Nb5 Qe7 28. Nxd4 cxd4 29. Rxd4 fxe4 30. Qxe4 Nf5 31. Rd3 Rbe8 32. Bb5 Nf6 33. Qe1 Rd8 34. a6 Kf7 35. Bc6 Qc7 36. Bd5 Nxd5 37. Nxd5 Qc5 38. Rc1 1-0

[Event "Chigorin Memorial 22nd"]
[Site "St Petersburg"]
[Date "2014.10.20"]
[Round "3"]
[White "Dzhumagaliev, Yan"]
[Black "Semenenko, Sergey"]
[Result "1-0"]
[WhiteElo "2415"]
[BlackElo "2130"]
[PlyCount "162"]
[EventDate "2014.10.18"]
[EventType "swiss"]
[EventRounds "9"]
[EventCountry "RUS"]
[SourceTitle "EXT 2015"]
[Source "ChessBase"]
[SourceDate "2014.11.20"]
[SourceVersion "1"]
[SourceVersionDate "2014.11.20"]
[SourceQuality "1"]

1. Nf3 Nf6 2. c4 c5 3. Nc3 e6 4. g3 b6 5. Bg2 Bb7 6. 0-0 Be7 7. d4 cxd4 8. Qxd4 d6 9. Rd1 a6 10. Bg5 Nbd7 11. Bxf6 Nxf6 12. Ng5 Bxg2 13. Kxg2 0-0 14. Nge4 Nxe4 15. Nxe4 Qc7 16. Rd3 Rfd8 17. Rb3 Rab8 18. Qd3 Qc6 19. f3 h6 20. Rc3 Rd7 21. Rac1 Rbd8 22. Qe3 Kf8 23. h4 Kg8 24. Rb3 Rb7 25. Nf2 Qc7 26. Nd3 Ra8 27. Nf4 Rc8 28. Rbc3 Bf6 29. R3c2 Be7 30. Qe4 Rbb8 31. b4 Qb7 32. Qe3 Rc7 33. a4 Qc8 34. Qb3 Qd7 35. Nd3 Qc8 36. b5 a5 37. Nf4 Rc5 38. Nd3 Rc7 39. Nf2 Qb7 40. Ne4 Rd8 41. Qe3 Rdc8 42. Rc3 Rd8 43. Rd1 Rcd7 44. Rcd3 Qc7 45. Rd4 Kf8 46. R1d3 d5 47. cxd5 exd5 48. Rc3 Bc5 49. Nxc5 bxc5 50. Qc1 Qe5 51. Rd2 c4 52. Qc2 Kg8 53. Kh2 Rd6 54. e3 Qe7 55. Rd4 R6d7 56. Kg2 Qb4 57. h5 Rd6 58. Kh3 Qc5 59. Qb2 Qb4 60. Qa1 Qc5 61. Rc1 Re8 62. Qc3 Qb4 63. e4 Qxa4 64. Rb1 Qa2 65. Rb2 Qa1 66. Rdd2 f5 67. exf5 a4 68. Qb4 Red8 69. b6 a3 70. Rb1 Qf6 71. b7 Rb8 72. g4 c3 73. Rc2 d4 74. Qxa3 Rdd8 75. Qc5 Kh7 76. Qc4 Qe5 77. Qd3 Kh8 78. Rb3 Qc7 79. Rb4 Qc6 80. Rc1 Qd5 81. f6 Qf7 1-0